Wszystkie miasta w Mount and Blade: Warband - Statystyki

Ogólne statystyki
  • Ten quiz został rozwiązany 64 razy
  • Średni wynik to 12 z 22
Statystyki odpowiedzi
Królestwo Nazwa % Poprawnych
Swadia Praven
78%
Swadia Suno
76%
Nord Sargoth
64%
Nord Tihr
64%
Rhodok Jelkala
62%
Vaegir Curaw
58%
Nord Wercheg
58%
Rhodok Yalen
58%
Swadia Dhirim
56%
Khergit Halmar
56%
Khergit Narra
56%
Vaegir Rivacheg
56%
Sarranid Shariz
56%
Rhodok Veluca
56%
Vaegir Reyvadin
53%
Vaegir Khudan
49%
Khergit Tulga
49%
Swadia Uxkhal
47%
Sarranid Ahmerrad
38%
Khergit Ichamur
38%
Sarranid Durquba
36%
Sarranid Bariyye
22%
Nie znaleziono quizów pasujących do podanych kryteriów
Rozkład punktacji
Procent ludzi z każdym wynikiem
Percentyl według liczby udzielonych odpowiedzi
Twoja historia wyników
Nie rozwiązałeś tego quizu